书目信息 |
| 题名: |
行业会计比较习题与解答
|
|
| 作者: | 傅胜 主编 | |
| 分册: | ||
| 出版信息: | 大连 东北财经大学出版社 2001 |
|
| 页数: | 134页 | |
| 开本: | 24cm | |
| 丛书名: | ||
| 单 册: | ||
| 中图分类: | F235-44 | |
| 科图分类: | ||
| 主题词: | 部门会计--高等学校:技术学校--习题 | |
| 电子资源: | ||
| ISBN: | 7-81044-909-5 | |
| 000 | 00639nam0 2200205 45 | |
| 001 | 0312291471 | |
| 005 | 20031229143923.8 | |
| 010 | @a7-81044-909-5@dCNY14.00 | |
| 100 | @a20031229d2001 km y0chiy0120 ea | |
| 101 | 0 | @achi |
| 105 | @a z 000yy | |
| 200 | 1 | @a行业会计比较习题与解答@AHang Ye Kuai Ji Bi Jiao Xi Ti Yu Jie Da@f傅胜主编@FFu Sheng Zhu Bian |
| 210 | @a大连@c东北财经大学出版社@d2001 | |
| 215 | @a134页@d24cm | |
| 300 | @a21世纪高职高专会计专业主干课程教材 | |
| 606 | 0 | @a部门会计@x高等学校:技术学校@x习题 |
| 690 | @aF235-44@v4 | |
| 701 | 0 | @a傅胜@4主编 |
| 801 | @aCN@bTSTC@c20031229 | |
| 905 | @b330619-622@dF235-44@e129@f4 | |
| 行业会计比较习题与解答/傅胜主编.-大连:东北财经大学出版社,2001 |
| 134页;24cm |
| 21世纪高职高专会计专业主干课程教材 |
| ISBN 7-81044-909-5:CNY14.00 |
| ● |
| 相关链接 |
|
|
|
|
正题名:行业会计比较习题与解答
索取号:F235-44/129
 
预约/预借
| 序号 | 登录号 | 条形码 | 馆藏地/架位号 | 状态 | 备注 |
| 1 | 0330619 | 203306190 | 第一借阅区/ [索取号:F235-44/129] | 在馆 | |
| 2 | 0330620 | 203306207 | 第一借阅区/ [索取号:F235-44/129] | 在馆 | |
| 3 | 0330621 | 203306216 | 第一借阅区/ [索取号:F235-44/129] | 在馆 | |
| 4 | 0330622 | 203306225 | 第一样本阅览室/ [索取号:F235-44/129] | 在馆 |